Iron and your heart : the newly discovered healthrisks of excess iron and hhow you can beat them
| Main Author: | |
|---|---|
| Format: | Book |
| Published: |
New York :
St. Martin's Press ,
1993
|
| Subjects: |
MARC
| LEADER | 00000cam a2200000 7i4500 | ||
|---|---|---|---|
| 001 | 0000001603 | ||
| 002 | 000001750 | ||
| 005 | 20000330.0 | ||
| 020 | |a 0312094698 | ||
| 090 | 0 | 0 | |a 616.123071 |b LAU |
| 100 | 1 | |a LAUFFER, Randall B. | |
| 245 | 1 | 0 | |a Iron and your heart : |b the newly discovered healthrisks of excess iron and hhow you can beat them |c Randall B. Lauffer |
| 260 | |a New York : |b St. Martin's Press , |c 1993 | ||
| 300 | |a 318p. ; |c 20cm. | ||
| 650 | 0 | 0 | |a Coronary heart disease |x Etiology |
| 999 | |a 034520 |b BUKU |c PINJAMAN |e PERPUSTAKAAN KOMUNITI PETALING JAYA | ||